00307nam a22000977a 4500008004100000020001500041082002000056245003600076260008800112300000900200230620b xxu||||| |||| 00| 0 eng d a0933199015 a320.2bBAN 1986 aPolitical Handbook of the World aNew YorkbThe Research Foundation of The UNited States University of New Yorkc1986 a782p